| 000 | 00710nam a2200181Ia 4500 | ||
|---|---|---|---|
| 008 | 090630s9999 xx 000 0 und d | ||
| 082 | _b14964 | ||
| 100 | _aडोंगरे नि. मा. | ||
| 245 |
_aव्यापारी गणित. _cडोंगरे नि. मा. |
||
| 260 |
_bमहाराष्ट्र विद्यापीठ ग्रंथनिर्मिती मंडळ - नागपूर. _c1973 |
||
| 300 | _a256 | ||
| 600 | _aडोंगरे नि. मा. | ||
| 630 | _aव्यापारी गणित. | ||
| 655 | _aइतर. | ||
| 700 | _aडोंगरे नि. मा. | ||
| 730 | _aव्यापारी गणित. | ||
| 942 | _cBOOK | ||
| 999 |
_c266820 _d266820 |
||